| 000 | 00808nam a2200241Ia 4500 | ||
|---|---|---|---|
| 003 | OSt | ||
| 005 | 20221005030902.0 | ||
| 006 | a|||||r|||| 00| 0 | ||
| 007 | ta | ||
| 008 | 221004b |||||||| |||| 00| 0 eng d | ||
| 020 |
_a0674010981 _c2628.6 |
||
| 024 | _a83039 | ||
| 037 |
_b2826, 30/03/2005, The Book Seller _cTextual |
||
| 040 |
_aCRL _cCRL _beng |
||
| 041 |
_2eng _aeng |
||
| 082 | _aO41:g(Y:1), 111P3 | ||
| 245 | 0 |
_aWriting and materiality in China _b Essays in honor of Patrick Hanan edited by Judith T. Zeitlin, Lydia H. Liu and Ellen Widmer |
|
| 260 |
_aCambridge _bHarvard University Press U. K. _c2003 |
||
| 300 |
_a639p. _ccm. |
||
| 650 | _aENGLISH LITERATURE | ||
| 942 |
_hO41:g(Y:1), 111P3 _cTEXL _2cc |
||
| 999 |
_c936881 _d936881 |
||